000 00398nam a2200157Ia 4500
008 230524s9999 xx 000 0 und d
082 _a330
_bDHI
100 _aI C Dhingra
245 0 _a"Managerial Economics : Theory,Applications And Cases"
250 _a5TH
260 _aNEW DELHI
_bS.Chand
_c2007
300 _aXV.27.5
500 _aQuantity Number: 4
650 _aEconomics
942 _cBK
999 _c40705
_d40705